Next steps in congressional reform (Record no. 479790)

000 -LEADER
fixed length control field 00368cam a22001217a 4500
008 - FIXED-LENGTH DATA ELEMENTS--GENERAL INFORMATION
fixed length control field 180718b1952 xxu||||| |||| 00| 0 eng d
082 ## - DEWEY DECIMAL CLASSIFICATION NUMBER
Classification number G2x73 Gl6
100 ## - MAIN ENTRY--PERSONAL NAME
Personal name Galloway, George B.
245 ## - TITLE STATEMENT
Title Next steps in congressional reform
Statement of responsibility, etc. by George B. Galloway
260 ## - PUBLICATION, DISTRIBUTION, ETC.
Place of publication, distribution, etc. Urbana
Name of publisher, distributor, etc. Institute of Government and Public Affairs
Date of publication, distribution, etc. 1952
300 ## - PHYSICAL DESCRIPTION
Extent 32p.
650 ## - SUBJECT ADDED ENTRY--TOPICAL TERM
Topical term or geographic name entry element USA-Congress
Holdings
Withdrawn status Lost status Damaged status Not for loan Permanent Location Current Location Date acquired Full call number Barcode Date last seen Price effective from Koha item type
        Indian Institute of Public Administration Indian Institute of Public Administration 2018-08-04 G2x73 Gl6 GR5986 2018-08-04 2018-08-04 GR

Powered by Koha